000 00709nam a2200241Ia 4500
003 OSt
005 20220925230621.0
006 a|||||r|||| 00| 0
007 ta
008 220923b |||||||| |||| 00| 0 eng d
020 _a9780300218800
_c1601.52
037 _b49971, 28/02/2017, Segment Book Distributors
_cGeneral Book
040 _aRTL
_cRTL
_beng
041 _2eng
_aeng
082 _aR33, Q6
100 _aEAGLETON Terry
245 0 _aMaterialism
260 _aLondon
_bYale University Press
_c2016
300 _ax,176p.
_ccm.
650 _aSociology
942 _hR33, Q6
_cGB
_2CC
999 _c586126
_d586126